000 00306nam a22001337a 4500
008 190304b xxu||||| |||| 00| 0 eng d
020 _a0916730654
041 _aeng
080 _a610.73
100 _a2
101 _aINF
245 _aAssessing Vital Functions Accurately
_cRobinson,J
942 _2udc
_cBK
999 _c54418
_d54418